| 000 | 00734cam a2200205 a 4500 | ||
|---|---|---|---|
| 020 | _a1857280237 (hb) | ||
| 020 | _a1857282841 | ||
| 082 | 0 | 0 |
_a551.6 _bDIC _cD |
| 100 | 1 |
_aMaunder, W. J. _940231 |
|
| 245 | 1 | 0 |
_aDictionary of global climate change / _ccompiled by W.J. Maunder as a contribution of the Stockholm Environment Institute to the Second World Climate Conference. |
| 250 | _a2nd ed. | ||
| 260 |
_aLondon : _bUCL Press, _c1994. |
||
| 300 |
_axxvi, 257 p. ; _c24 cm. |
||
| 526 |
_a0 _b0 _c0 _d551_600000000000000_DIC |
||
| 650 | 0 | _aClimatic changes. | |
| 650 | 0 |
_aMCE _9379 |
|
| 710 | 2 |
_aStockholm Environment Institute. _940232 |
|
| 856 | 4 | 2 | _uhttp://www.loc.gov/catdir/enhancements/fy0909/95235761-d.html |
| 942 |
_2ddc _cBK |
||
| 999 |
_c544573 _d544573 |
||